000 00485nam a22001697a 4500
005 20240904145436.0
008 240904b |||||||| |||| 00| 0 eng d
022 _a16824490
041 _aEnglish
082 _a349 TYD
100 _lEnglish
245 _aTydskrif vir Hedendaagse Romeins-Hollandse Reg 2023
260 _aDurban:
_bLexisNexis (Edms) Bpk,
_c2023
300 _b283 pages;
_c25 cm.
650 _aLegal practice
_bLaw
942 _cBK
_6ALISON_BN_VRIES
999 _c3016
_d3016